Ahmadiyya Movement (Record no. 181)

MARC details
000 -LEADER
fixed length control field 00562nam a2200229 a 4500
020 ## - INTERNATIONAL STANDARD BOOK NUMBER
ISBN
082 00 - DEWEY DECIMAL CLASSIFICATION NUMBER
Classification number 297.86
Author Cutter ALI5
100 ## - MAIN ENTRY--AUTHOR NAME
Author name Ali, Maulana Muhammad
245 ## - TITLE STATEMENT
Title Ahmadiyya Movement
260 ## - PUBLICATION, DISTRIBUTION, ETC. (IMPRINT)
Place of publication Lahore
Name of publisher Ahmadiyya Anjuman Ishaat-E-Islam
Year of publication 1937
300 ## - PHYSICAL DESCRIPTION
Number of Pages 51p
500 ## - GENERAL NOTE
General note includes index and biblioraphy
650 ## - SUBJECT ADDED ENTRY--TOPICAL TERM
Topical Term Ahmadiyyah
942 ## - ADDED ENTRY ELEMENTS (KOHA)
Koha item type Books
700 1# -
-- Ali, Maulana Muhammad
Holdings
Home library Current library Date acquired Cost, normal purchase price Full call number Accession Number Koha item type
Henry Martyn Institute Library Henry Martyn Institute Library 07/09/2007 100.00 297.86 ALI5 01274 E-Books
                   Copyright © 2026 | Henry Martyn Institute | Hyderabad | TS-500052 | INDIA | Implemented by hmi.edu.in
Hit-Count:

Powered by Koha